Vilamajor : ahir i avui / ahir i avui /
Descripción Física:
137 pàgines : il·lustracions ; 21 cm
Colección:
Quaderns de Vilamajor
; 9
Materias:
Sant Pere de Vilamajor (Catalunya) -- Llibres de làmines
; Sant Pere de Vilamajor (Catalunya) -- Història
Idioma:
Catalán
MARC
| LEADER | 00000nam a2200000 a 4500 | ||
|---|---|---|---|
| 001 | 25733 | ||
| 005 | 20260324181117.0 | ||
| 008 | 160601s2016 spc| || o000 0|cat| | ||
| 017 | |a DL B 8274-2016 |b Biblioteca de Catalunya | ||
| 043 | |a e-sp--- |b e-spcvr |2 catmarc | ||
| 080 | |a Bib-597 | ||
| 100 | |a Grau Quintana, Lluís |9 53160 | ||
| 245 | 1 | 0 | |a Vilamajor : |b ahir i avui / |c Lluís Grau Quintana, Higini Herrero Baró, Enric Planas |
| 260 | |a Sant Pere de Vilamajor : |b Centre d'Estudis de Sant Pere de Vilamajor, |c 2016 | ||
| 300 | |a 137 pàgines : |b il·lustracions ; |c 21 cm | ||
| 490 | 1 | |a Quaderns de Vilamajor ; |v 9 | |
| 651 | 0 | |a Sant Pere de Vilamajor (Catalunya) |v Llibres de làmines |2 lemac |9 53161 | |
| 651 | 0 | |a Sant Pere de Vilamajor (Catalunya) |x Història |2 lemac |9 53162 | |
| 700 | |a Herrero i Baró, Higini |9 53163 | ||
| 700 | |a Planas, Enric |e il·lustrador |9 53164 | ||
| 710 | 2 | |a Centre d'Estudis de Sant Pere de Vilamajor |9 53165 | |
| 830 | 0 | |a Quaderns de Vilamajor ; |v 9 | |
| 908 | |a BC | ||
| 940 | |a BC | ||
| 942 | |2 udc |c ARXIU |n 1 | ||
| 952 | |0 0 |1 0 |4 0 |6 BIB597 |7 1 |9 62124 |a Arxiu |b Arxiu |d 2022-06-01 |l 0 |o Bib-597 |p 25733 |r 2022-06-01 00:00:00 |w 2022-06-01 |y ARXIU | ||
| 999 | |c 81829 |d 81829 | ||